| 000 | 00000nam 2200000za 4500 |
| 001 | 9.802354 |
| 003 | CaOODSP |
| 005 | 20221107134956 |
| 007 | cr ||||||||||| |
| 008 | 150724s2010 xxca |o f00| 0 eng d |
| 040 | |aCaOODSP|beng |
| 043 | |an-cn--- |
| 086 | 1 |aR5-53/2010E-PDF |
| 245 | 00|aProtocol for decentralised water and wastewater systems in First Nations communities (Decentralised Systems Protocol) |h[electronic resource]. |
| 260 | |aGatineau, Qué. : |bIndian and Northern Affairs Canada, |cApril 15, 2010. |
| 300 | |a54 p. : |bcol. ill. |
| 500 | |aAlso available in French under title: Protocole pour les systèmes décentralisés d’eau potable et de traitement des eaux usées dans les collectivités des Premières nations. |
| 504 | |aIncludes bibliographical references. |
| 692 | 07|2gccst|aWater management |
| 692 | 07|2gccst|aAboriginal reserves |
| 710 | 1 |aCanada. |bIndian and Northern Affairs Canada. |
| 775 | 08|tProtocole pour les systèmes décentralisés d'eau potable et de traitement des eaux usées dans les collectivités des Premières nations (Protocole pour les systèmes décentralisés) |w(CaOODSP)9.802355 |
| 856 | 40|qPDF|s696 KB|uhttps://publications.gc.ca/collections/collection_2015/aadnc-aandc/R5-53-2010-eng.pdf |
| 986 | |aINAC CIDM NCR #3025582 |